Statistics for Largest Countries Apart From Italy That ....

Click here to take the quiz!

General Stats

  • This quiz has been taken 70 times
    (52 since last reset)
  • The average score is 19 of 25

Answer Stats

HintAnswer% Correct
Border Mainland FranceBelgium
100%
Have Won World CupBrazil
100%
Border Mainland France | Have Won World CupSpain
100%
BorderMainland France | Have Won World CupGermany
100%
Begin With I | Have 5 LettersIndia
98%
Begin With I | Have Red White And GreenFlagIran
96%
Begin With IIraq
96%
Have Won World CupArgentina
92%
Begin With IIndonesia
92%
Have Won World CupFrance
88%
Border Mainland FranceSwitzerland
86%
Have 5 LettersChina
84%
Border Mainland FranceLuxembourg
82%
Have Red White And Green FlagHungary
49%
Have 5 LettersLibya
45%
Have 5 LettersSudan
43%
Have Red White And Green FlagBulgaria
41%
Begin With IIvory Coast
39%
Have 5 LettersNiger
35%
Have Red White And Green FlagMadagascar
14%
Have Red White And Green FlagOman
8%

Score Distribution

Percentile by Number Answered

Percent of People with Each Score

Your Score History

You have not taken this quiz since the last reset